000 00301nam a22001217a 4500
008 230626b xxu||||| |||| 00| 0 eng d
082 _a331.5
_bRIC
100 _cAudrey I. Richards
245 _aEconomic Development and Tribal Change
260 _aCambridge
_bEAISR
300 _a301p
942 _2ddc
_cBK
999 _c2702
_d2702